| 000 | 00609nam a22002297a 4500 | ||
|---|---|---|---|
| 003 | UA-OsUOA | ||
| 001 | 85885 | ||
| 007 | ta | ||
| 008 | 20120720b un ||||| |||| 00| 0 ukr d | ||
| 090 |
_a82-94 _bЛ44 |
||
| 942 | _cBK | ||
| 040 |
_aUA-OsUOA _bukr _cUA-OsUOA _dUA-OsUOA |
||
| 245 | _aЛемківщина | ||
| 300 | _a360 с. | ||
| 955 | _a1 | ||
| 041 | _aukr | ||
| 080 | _a82-94 | ||
| 020 | _a966-02-0156-7 | ||
| 260 |
_aЛьвів _bІн-т народознавста НАН України _c1999 |
||
| 650 | 7 |
_a82 Література. Літературознавство _2UDC |
|
| 999 |
_c372193 _d372193 |
||